| 000 | 01412nam a2200325 a 4500 | ||
|---|---|---|---|
| 001 | ebr10051646 | ||
| 003 | CaPaEBR | ||
| 006 | m u | ||
| 007 | cr cn||||||||| | ||
| 008 | 020723s2002 nyua sb 001 0 eng d | ||
| 020 | _z0306471868 (electronic bk.) | ||
| 040 |
_aCaPaEBR _cCaPaEBR |
||
| 035 | _a(OCoLC)559152869 | ||
| 050 | 1 | 4 |
_aHQ734 _b.H869 2002ebeb |
| 082 | 0 | 4 |
_a306.82 _221 |
| 100 | 1 | _aHolman, Thomas. | |
| 245 | 1 | 0 |
_aPremarital prediction of marital quality or breakup _h[electronic resource] : _bresearch, theory, and practice / _cThomas B. Holman, with Paul James Birch ... [et al.]. |
| 260 |
_aNew York : _bKluwer Academic/Plenum Publishers, _cc2002. |
||
| 300 |
_axvii, 328 p. : _bill. |
||
| 490 | 1 | _aLongitudinal research in the social and behavioral sciences | |
| 504 | _aIncludes bibliographical references (p. 301-319) and index. | ||
| 533 |
_aElectronic reproduction. _bPalo Alto, Calif. : _cebrary, _d2013. _nAvailable via World Wide Web. _nAccess may be limited to ebrary affiliated libraries. |
||
| 650 | 0 | _aMate selection. | |
| 650 | 0 | _aMarriage. | |
| 650 | 0 | _aMarriage compatibility tests. | |
| 655 | 7 |
_aElectronic books. _2local |
|
| 710 | 2 | _aebrary, Inc. | |
| 830 | 0 | _aLongitudinal research in the social and behavioral sciences. | |
| 856 | 4 | 0 |
_uhttp://site.ebrary.com/lib/rucke/Doc?id=10051646 _zAn electronic book accessible through the World Wide Web; click to view |
| 999 |
_c67088 _d67088 |
||